แสดงรายละเอียดบรรณานุกรม
  กลับหน้าหลัก

Brief Record : Get Marc (ISO 2709) : E-mail record : QR code ปิดหน้าต่าง
E-books : เกี่ยวกับ Collections
LEADER 00000nam 2200000uu 4500
001    209068
003     ULIBM
008    130814s2556||||th 000 0 tha d
020    ^a9786162792021
041 0  ^atha
060  4 ^aWA100 ส743 2556
245 00 ^aสุขภาพคนไทย 2556 :^bปฏิรูปประเทศไทย ปฏิรูปโครงสร้างอำนาจ เพิ่มพลังพลเมือง./^cสถาบันวิจัยประชากรและสังคม มหาวิทยาลัยมหิดล.
246 30 ^a
250    ^aพิมพ์ครั้งที่ 1
260    ^aนครปฐม : ^bสถาบันวิจัยประชากรและสังคม มหาวิทยาลัยมหิดล,^c2556
300    ^a195 หน้า ; ^bภาพประกอบ
490 1  ^aเอกสารทางวิชาการ (สถาบันวิจัยประชากรและสังคม มหาวิทยาลัยมหิดล) ;^bหมายเลข 404
500    ^aปฏิรูปประเทศไทย ปฏิรูปโครงสร้างอำนาจ เพิ่มพลังพลเมือง
500    ^aฉบับครบรอบ 1 ทศวรรษ
650  4 ^aความขัดแย้งทางการเมือง
650  4 ^aการก่อการร้าย ^zไทย(ภาคใต้)
650  4 ^aการปฎิรูปสังคม ^zไทย
650  4 ^aความยุติธรรมทางสังคม
650  4 ^aนโยบายด้านสาธารณสุข
650  4 ^aดัชนีสุขภาพ
650  4 ^aพฤติกรรมทางเพศ
710 2  ^aมหาวิทยาลัยมหิดล. สถาบันวิจัยประชากรและสังคม.
710 2  ^aสำนักงานกองทุนสนับสนุนการสร้างเสริมสุขภาพ (สสส.)
710 2  ^aสำนักงานคณะกรรมการสุขภาพแห่งชาติ (สช.)
999    ^aใช้งานได้ทุกระบบ
รายการนี้ยังไม่มีแท็ก
คุณยังไม่ได้ล็อกอิน คุณสามารถมีกิจกรรมร่วมกับเว็บไซต์ได้ แต่ต้องล็อกอินก่อน ::
  ล็อกอิน
ลำดับที่ ประเภท เลขเรียก สถานที่ สถานะ
1. หนังสือทั่วไป
หนังสือทั่วไป
สถานะ=หนังสือเก่า - บริการ ณ ห้องสมุด (ห้องเหลือง)
WA100 ส743 2556  
  
หนังสือทั่วไป On Shelf
  ขอยืม
Note:บริจาค
2. หนังสือทั่วไป
หนังสือทั่วไป
สถานะ=หนังสือเก่า - บริการ ณ ห้องสมุด (ห้องเหลือง)
WA100 ส743 2556 ฉ.2 
  
หนังสือทั่วไป On Shelf
  ขอยืม
Note:บริจาค
   [แสดง 2/2 รายการ]

รายการใกล้เคียง
    หัวเรื่อง [ดัชนีสุขภาพ]
    หัวเรื่อง [พฤติกรรมทางเพศ]

BibComment


ยังไม่เคยถูกคอมเมนท์

คอมเมนท์ทรัพยากรรายการนี้
  คอมเมนท์: สุขภาพคนไทย 2556..
Bib 209068

 
 
 

 Union Library Management : ULibM
Copyright 2026. All Rights Reserved.
скачать бесплатно без регистрации порно красивый секс HD Sex Hindi sex

xxx gou

xxxx

bfxxx

xxxwww

Секса Видео

xxxx

Секса Видео

detube

geilexxx

C99 Shell

worms shell

blod xxx video
Ebony Coed Rihanna Rimes Takes A Dick In Her Young Twat priyaa indian fuck anal and pusssy hardcore indian women xxx desi hardcore fucking part 1 bengalixxxcouple